|
|
|
|
| LEADER |
02584njm a2200733 a 4500 |
| 001 |
000557328 |
| 003 |
CZ BrMZK |
| 005 |
20000105143423.0 |
| 008 |
000105s2001 xr f cze d |
| 028 |
0 |
3 |
|a 495122 2
|b Sony Music Bonton
|
| 040 |
|
|
|a BOA001
|b cze
|
| 080 |
|
|
|a 784.4"196"(086.7)
|2 MRF
|
| 100 |
1 |
|
|a Gott, Karel,
|d 1939-2019
|7 jk01032549
|
| 245 |
1 |
0 |
|a Lady Carneval
|h [zvukový záznam] /
|c Karel Gott.
|
| 246 |
3 |
3 |
|a Než bude ráno
|
| 246 |
3 |
3 |
|a Pouťový triky
|
| 246 |
3 |
3 |
|a Požehnej, Bože můj
|
| 246 |
3 |
3 |
|a Proč ptáci zpívají
|
| 246 |
3 |
3 |
|a Prázdný dům
|
| 246 |
3 |
3 |
|a San Francisco
|
| 246 |
3 |
3 |
|a Slunce a já
|
| 246 |
3 |
3 |
|a Thousand windows
|
| 246 |
3 |
3 |
|a Vítám vítr v údolí
|
| 246 |
3 |
3 |
|a Zavřu teď krám s básněmi
|
| 246 |
3 |
3 |
|a Čas růží
|
| 246 |
3 |
3 |
|a Červená rakev
|
| 246 |
3 |
3 |
|a Amen, pravím vám
|
| 246 |
3 |
3 |
|a Amor
|
| 246 |
3 |
3 |
|a Before you
|
| 246 |
3 |
3 |
|a Danny boy
|
| 246 |
3 |
3 |
|a Duj, duj, duj
|
| 246 |
3 |
3 |
|a Jak bludný Holanďan
|
| 246 |
3 |
3 |
|a Kdyby nepadal déšť
|
| 246 |
3 |
3 |
|a Lady Carneval
|
| 246 |
3 |
3 |
|a Marlena
|
| 246 |
3 |
3 |
|a Mám t rád víc než dřív
|
| 246 |
3 |
3 |
|a Nech m spát
|
| 246 |
3 |
3 |
|a Nevadí
|
| 246 |
3 |
3 |
|a Nevěřím
|
| 260 |
|
|
|a Praha :
|b Sony Music Bonton,
|c p2001
|
| 300 |
|
|
|a 1 CD ;
|c 12 cm +
|e 1 brožura [8 s.].
|
| 306 |
|
|
|a 011631
|
| 490 |
1 |
|
|a Karel Gott komplet ;
|v 9
|
| 500 |
|
|
|a Nahr. 1967-69
|
| 500 |
|
|
|a Durata 76:31
|
| 505 |
2 |
|
|a Nevadí, Požehnej, Bože můj, San Francisco ... [et al.]
|
| 511 |
0 |
|
|a Martina Kunstová, zpěv. Orchestr Karal Krautgartnera, dir. Josef Vobruba; Smyčcový orchestr, dir. Jaroslav Dřevíkovský; Sbor Lubomíra Pánka ... [et al.]
|
| 653 |
0 |
|
|a populární hudba
|a populární písně
|
| 700 |
1 |
|
|a Hybš, Václav,
|d 1935-2026
|7 jn19990209281
|
| 700 |
1 |
|
|a Kunstová, Martina
|
| 700 |
1 |
|
|a Vobruba, Josef,
|d 1932-1982
|7 jn19990010024
|
| 700 |
1 |
|
|a Zahradník, Václav,
|d 1942-2001
|7 jn99240001478
|
| 700 |
1 |
|
|a Dřevíkovský, Jaroslav
|7 jx20050314007
|
| 710 |
2 |
|
|a Taneční orchestr Československého rozhlasu Praha
|7 ko2002102437
|4 prf
|
| 710 |
2 |
|
|a Orchestr Karla Krautgartnera
|7 ko2003171956
|
| 710 |
2 |
|
|a Orchestr Ladislava Štaidla
|7 ko2003171954
|
| 710 |
2 |
|
|a Orchestr Roberta Opratka
|
| 710 |
2 |
|
|a Sbor Lubomíra Pánka
|7 ko2001100004
|
| 710 |
2 |
|
|a Smyčcový orchestr
|
| 830 |
|
0 |
|a Karel Gott komplet
|
| 910 |
|
|
|a BOA001
|b CD-0009.556
|
| 964 |
|
|
|a Hudba populární
|z stol.20.,léta 60.
|x CD
|
| 990 |
|
|
|a AV
|
| 996 |
6 |
|
|b 261H010297
|c CD-0009.556
|l MZK
|r Sklad / do 24 hodin
|n 0
|p p.v.
|w 000557328
|u 000010
|a 1
|e BOA001
|j MZK50
|s P
|